| 000 | 01348nam a2200337 a 4500 | ||
|---|---|---|---|
| 001 | ebr10677981 | ||
| 003 | CaPaEBR | ||
| 006 | m u | ||
| 007 | cr cn||||||||| | ||
| 008 | 100120s2009 nyu sb 001 0 eng d | ||
| 010 | _z 2009279824 | ||
| 020 | _z1606925016 | ||
| 020 | _z9781606925010 | ||
| 020 | _z9781614704836 (e-book) | ||
| 040 |
_aCaPaEBR _cCaPaEBR |
||
| 035 | _a(OCoLC)741995743 | ||
| 043 | _an-us--- | ||
| 050 | 1 | 4 |
_aRD129.5 _b.O744 2009eb |
| 082 | 0 | 4 |
_a362.17830973 _222 |
| 245 | 0 | 0 |
_aOrgan donation _h[electronic resource] : _bsupply, policies and practices / _cPetr T. Grinkovskiy, editor. |
| 260 |
_aNew York : _bNova Science Publishers, _cc2009. |
||
| 300 | _avi, 129 p. | ||
| 504 | _aIncludes bibliographical references and index. | ||
| 533 |
_aElectronic reproduction. _bPalo Alto, Calif. : _cebrary, _d2013. _nAvailable via World Wide Web. _nAccess may be limited to ebrary affiliated libraries. |
||
| 650 | 0 |
_aDonation of organs, tissues, etc. _xGovernment policy _zUnited States. |
|
| 650 | 0 |
_aDonation of organs, tissues, etc. _xLaw and legislation _zUnited States. |
|
| 655 | 7 |
_aElectronic books. _2local |
|
| 700 | 1 | _aGrinkovskiy, Petr T. | |
| 710 | 2 | _aebrary, Inc. | |
| 856 | 4 | 0 |
_uhttp://site.ebrary.com/lib/rucke/Doc?id=10677981 _zAn electronic book accessible through the World Wide Web; click to view |
| 999 |
_c59396 _d59396 |
||